00458nam a2200157Ia 4500008004100000020001400041082001600055100002000071245004400091250000800135260003800143300002900181500001900210600002100229650005000250240925s9999 xx 000 0 und d a201590638 a005.133 HAN aHanly ,Jeri R. 0aProblem Solving and Program Design in C a2nd aBoston:bAddison - Wesleyc,1996. axvii,422p.bNAfOriginal aIncludes Index aComputer Science aComputer science, information & general works